000 00952nam a2200289 i 4500
001 bg
100 1 _aGLEMA, Adam
245 1 0 _aAnaliza natury falowej zjawiska lokalizacji odkształceń plastycznych w ciałach stałych /
_cAdam Glema.
260 _aPoznań :
_bWydaw. PP,
_c2004.
300 _a149, [1] s. :
_bfot.(w tym kolor.), rys., wykr. ;
_c24 cm.
490 1 _aRozprawy / Politechnika Poznańska,
_x0551-6528 ;
_vnr 379
500 _aStreszcz. ang.
504 _aBibliogr. s. 135-149.
650 9 _aAnaliza numeryczna
_xstosowanie
_xmechanika
650 9 _aCiało stałe
_xmechanika
650 9 _aFale
650 9 _aNaprężenia i odkształcenia
650 9 _aPlastyczność
830 0 _aRozprawy (Politechnika Poznańska) ;
_vnr 379
020 _a8371435665
040 _cBPK
041 0 _apol
_beng
080 _a531:539.3/.6:519.61/.64
920 _a83-7143-566-5
942 _cKS
008 s pl f |000 0 pol
999 _c44549
_d44549
856 _uhttp://koha.tu.koszalin.pl/cgi-bin/koha/opac-detail.pl?biblionumber=44549
_yKatalog online BPK